000 00585cam a2200169 4500
008 000000n 000 0 eng u
035 _a(Sirsi) u103604
245 _aEncyclopaedia of Forms and Precedents
260 _cButterworths
500 _aAccessd via Butterworths web site address : www.butterworths.co.uk. Cathy holds the old disc as back up.
520 _aSubscription web site for this legal encyclopaedia. Searches can be done by the RICS Library phone for details.
650 _aLEGAL FORMS
650 _aPRECEDENTS
650 _aLAW
690 _aLAW-UK
942 _n0
999 _c85394
_d85394